000 00565nam a2200205Ia 4500
001 44233
008 140428s9999 xx 000 0 und d
020 _aNA
040 _cPK-LaUMT
082 _aRHC 891.4394
_bWIJ-
100 _aAshraf Bukhari
245 _aVijdaan (Urdu)
_cAshraf Bukhari<>Iqbal Hussain siddiqi<>Shafiq, Muhammad
260 _aLahore,Pakistan:
_bIqbal Hussain Siddiqui,
_c1988
300 _a142+171 p.
546 _aUR
650 _aPakistan literature-Urdu
700 _aShafiq, Muhammad
700 _aIqbal Hussain siddiqi
942 _cBK
999 _c42226
_d42226